| 000 | 00461nam a2200169 i 4500 | ||
|---|---|---|---|
| 001 | bg | ||
| 100 | 1 | _aBRONK, Hubert | |
| 245 | 0 |
_aPodstawy techniki i eksploatacji w transporcie samochodowym / _cHubert Bronk, Jerzy Gracz, Benon Szałek. |
|
| 260 |
_aWarszawa, _c1978. |
||
| 700 | 1 | _aGRACZ, Jerzy | |
| 700 | 1 | _aSZAŁEK, Benon | |
| 040 | _cBPK | ||
| 041 | _apol | ||
| 080 | _a656.13:629.113](075.8) | ||
| 942 | _cKS | ||
| 008 | s pl f |000 0 pol | ||
| 999 |
_c686 _d686 |
||
| 856 |
_uhttp://koha.tu.koszalin.pl/cgi-bin/koha/opac-detail.pl?biblionumber=686 _yKatalog online BPK |
||